Vista normal
Vista MARC
Entrada Topical Term
Número de registros utilizados en: 1
001 - CONTROL NUMBER
- control field: 57670
003 - CONTROL NUMBER IDENTIFIER
- control field: OSt
005 - DATE AND TIME OF LATEST TRANSACTION
- control field: 20250123090650.0
008 - FIXED-LENGTH DATA ELEMENTS
- fixed length control field: 250123|| aca||aabn | a|a d
040 ## - CATALOGING SOURCE
- Original cataloging agency: OSt
- Transcribing agency: OSt
150 ## - HEADING--TOPICAL TERM
- Topical term or geographic name entry element: Amigos
- Form subdivision: diversión
670 ## - SOURCE DATA FOUND
- Source citation: Work cat.: (OSt)56813: Lee, Andy autor 57669, Por favor no abrir este libro de nuevo